|
|
|
|
| LEADER |
00000nam0a2200000 4500 |
| 001 |
240471 |
| 005 |
20240206112404.0 |
| 010 |
|
|
|a 9785438701996
|
| 035 |
|
|
|a (RuTPU)RU\TPU\book\261728
|
| 090 |
|
|
|a 240471
|
| 100 |
|
|
|a 20130621d2013 m y0rusy50 ca
|
| 101 |
0 |
|
|a eng
|
| 102 |
|
|
|a RU
|
| 105 |
|
|
|a a j 001zy
|
| 200 |
1 |
|
|a Психология бизнес-коммуникации
|e учебное пособие для вузов
|f Л. Р. Тухватулина
|g Национальный исследовательский Томский политехнический университет (ТПУ)
|d Psychology of Business Communucation
|
| 210 |
|
|
|a Томск
|c Изд-во ТПУ
|d 2013
|
| 215 |
|
|
|a 116 с.
|c ил.
|
| 300 |
|
|
|a На англ. яз.
|
| 320 |
|
|
|a Библиогр.: с. 111-112.
|
| 330 |
|
|
|a This textbook is dedicated to the main questions of effective communication process in business. A review of the general aspects of business communication is given: definition of communication, features of business communication, elements of communication process and the most popular communication models. Sender and receiver roles in communication process are also viewed, the rules of business correspondence are discussed as well. Some aspects of oral and verbal business communication arc also shown. The textbook is designed and recommended for foreign students following the bachelor degree program in management and academic exchange program at TPU. It is also recommended for students majoring in specialty 080200 "Management".
|
| 452 |
|
1 |
|0 (RuTPU)RU\TPU\book\261754
|t Психология бизнес-коммуникации
|l Psychology of Business Communication
|o учебное пособие
|f Л. Р. Тухватулина
|g Национальный исследовательский Томский политехнический университет (ТПУ), Институт социально-гуманитарных технологий (ИСГТ), Кафедра менеджмента (МЕН)
|c Томск
|n Изд-во ТПУ
|d 2013
|a Тухватулина, Лилия Равильевна
|
| 510 |
1 |
|
|a Psychology of Business Communucation
|z eng
|
| 606 |
1 |
|
|a Бизнес
|x Теория
|2 stltpush
|3 (RuTPU)RU\TPU\subj\28637
|9 52152
|
| 606 |
1 |
|
|a Бизнес
|x Психология
|2 stltpush
|3 (RuTPU)RU\TPU\subj\28636
|9 52151
|
| 606 |
|
|
|a Английский язык
|x Учебные руководства и пособия
|x Хрестоматии, книги для чтения
|2 stltpush
|3 (RuTPU)RU\TPU\subj\29075
|9 52487
|
| 610 |
1 |
|
|a экономическая теория
|
| 610 |
1 |
|
|a экономическая психология
|
| 610 |
1 |
|
|a коммуникации
|
| 610 |
1 |
|
|a коммуникации в организациях
|
| 610 |
1 |
|
|a деловые коммуникации
|
| 610 |
1 |
|
|a деловое общение
|
| 610 |
1 |
|
|a учебные пособия
|
| 610 |
1 |
|
|a английский язык
|
| 686 |
|
|
|a Ш143.21-923.8
|2 rubbk
|
| 686 |
|
|
|a У012.12я73
|2 rubbk
|
| 686 |
|
|
|a Ю949.3я73
|2 rubbk
|
| 700 |
|
1 |
|a Тухватулина
|b Л. Р.
|c экономист
|c доцент Томского политехнического университета, кандидат философских наук
|f 1982-
|g Лилия Равильевна
|3 (RuTPU)RU\TPU\pers\26744
|9 12387
|
| 712 |
0 |
2 |
|a Национальный исследовательский Томский политехнический университет (ТПУ)
|c (2009- )
|3 (RuTPU)RU\TPU\col\15902
|
| 801 |
|
1 |
|a RU
|b 63413507
|c 20130621
|
| 801 |
|
2 |
|a RU
|b 63413507
|c 20140303
|g RCR
|
| 942 |
|
|
|c BK
|